| 000 | 00627nam a22001817a 4500 | ||
|---|---|---|---|
| 005 | 20230215053811.0 | ||
| 008 | 230215b |||||||| |||| 00| 0 eng d | ||
| 020 | _a978-1-3500-6451-5 | ||
| 082 | _a415 C462 2020 | ||
| 100 |
_aChapela, Evelyn G. _eauthor |
||
| 245 |
_aOn invisible language in modern English: _ba corpus-based approach to ellipses / _cEvelyn Gandon-Chapela |
||
| 260 |
_aLondon: _bBloomsbury Academic, _cc2020 |
||
| 300 | _axv, 289p. | ||
| 504 | _aIncludes bibliographical references and index | ||
| 541 | _e6694 | ||
| 650 | _aLanguage arts - Linguistics | ||
| 650 | _aGrammar, Comparative and general - Ellipsis | ||
| 999 |
_c1119 _d1119 |
||